LEADER 00922nam0-22003011i-450- 001 990001652520403321 005 20050426155508.0 035 $a000165252 035 $aFED01000165252 035 $a(Aleph)000165252FED01 035 $a000165252 100 $a20030910d1937----km-y0itay50------ba 101 0 $aita 200 1 $aRisultati economici di aziende agrarie negli anni 1933-1934-1935$fDario Perini 210 $aRoma$cINEA$d1937 215 $a427 p.$d26 cm 225 1 $aStudi e monografie$fINEA$v18-III 610 0 $aEconomia aziendale agricola 676 $a658.93 700 1$aPerini,$bDario$f<1898-1982>$0353800 801 0$aIT$bUNINA$gRICA$2UNIMARC 901 $aBK 912 $a990001652520403321 952 $a60 045 B 6/88$b41216$fFAGBC 952 $a60 045 B 6/87$b33800$fFAGBC 959 $aFAGBC 996 $aRisultati economici di aziende agrarie negli anni 1933-1934-1935$9372420 997 $aUNINA